00864nam a2200229 a 4500001001000000003000500010005001700015008004100032010001100073011001100084040000900095100002500104245015400129260004100283500006000324502008000384650002900464650003900493650001600532856001600548856007000564000113578CHAP20220329144402.0170804s2016 mx a fsm |||||||spa d a110039 a111011 cCHAP1 aCessa Flores, Estela10aHacia una definición del modo de vida campesinoh[En línea]bestrategias socio-productivas en la región de Huatusco /cpor Estela Cessa Flores. aChapingo, Méx. :bEl autor,c2016. aPara ver el contenido del material haga clic en la liga aTesis (Ph.D. en Ciencias Agrarias) -- UACH. Departamento Sociología Rural14aAgricultura tradicional.14aCampesinadoxCondiciones sociales.14aVida rural. a1 n0001536 aFinding aiduhttp://10.13.5.2/tesis/sist113578.pdfzTeclea aquí